[Event "Salongernas IM"]
[Site "Stockholm"]
[Date "1996.??.??"]
[Round "1"]
[White "Ornstein, Axel"]
[Black "Engqvist, Thomas"]
[Result "1/2-1/2"]
[WhiteElo "2440"]
[BlackElo "2380"]
[Annotator "Engqvist"]
[PlyCount "51"]
[EventDate "1996.??.??"]
[EventType "tourn"]
[EventRounds "9"]
[EventCountry "SWE"]
[EventCategory "4"]
[SourceTitle "CBM 053"]
[Source "ChessBase"]
[SourceDate "1996.08.01"]
[SourceVersion "1"]
[SourceVersionDate "1996.08.01"]
[SourceQuality "1"]

1. d4 Nf6 2. c4 e6 3. Nc3 Bb4 4. e3 c5 5. Bd3 Nc6 6. Nge2 cxd4 7. exd4 d5 8.
cxd5 exd5 (8... Nxd5) (8... Qxd5) 9. O-O O-O 10. Bg5 (10. Bc2 Re8 11. f3 h6 12.
Kh1 Ne7 13. Ng3 $14 {M.Gurevic-Volker, Eger 1987}) (10. a3) 10... Be7 11. Rc1 (
11. h3 $5 {Matanovic}) (11. Re1 Bg4 $1 12. Bc2 (12. f3 $5 {Matanovic}) 12...
Re8 13. f3 (13. Bb3 Rc8 $1 {/\} 14. f3 Be6 15. Nf4 $2 Nxd4) 13... Be6 14. Nf4
Qb6 $10 {Christiansen-Browne, USA (ch) 1986 - 42/741}) 11... Bg4 $146 (11...
Re8 12. Qb3 Be6 13. Qxb7 Na5 14. Qa6 Bc8 15. Qb5 Bd7 $10 {Knaak}) 12. f3 Bh5 $2
{It is not possible to get rid of the bad Bishop in this kind of position. The
Bishop belongs on e6 as Nimzowitsch once wrote in My System.} (12... Be6 13. g4
$5 Qd7 {/\ 14...Ng4!} 14. Qd2 $13) 13. Bc2 $1 $16 {>< Bh5} (13. Nf4 Bg6) 13...
Ne8 (13... Ne4 $2 14. Bxe7 Nxc3 15. Bxd8 Nxd1 16. Rfxd1 Rfxd8 17. Nf4 Bg6 18.
Bb3 $18) (13... Bg6 14. Bb3 $16) 14. Bxe7 Nxe7 15. Nf4 Nf6 $8 (15... Bg6 $2 16.
Bxg6 hxg6 17. Qb3 {>< d5, b7}) 16. Re1 Bg6 17. Bb3 a6 (17... Qd6 18. Nb5 Qxf4
19. Rxe7) (17... Re8 18. Ncxd5 $1) 18. Qd2 $16 {>< e5, c5} Qd6 19. Re5 $2 (19.
Re2 b5 (19... Rad8 20. Rce1 Rd7 21. Na4 {Ornstein}) 20. Rce1 Nc6 $5 (20... b4
$2 21. Rxe7 bxc3 22. Qxc3 Ne4 23. Qc7 $1 {Ornstein})) (19. g4 h6 20. h4 Bh7 21.
Kg2 Ng6 22. Nxg6 Bxg6 23. h5 Bh7 24. Re5 $18 {Ornstein}) 19... Nc6 20. Re2 (20.
Rce1 $2 Nxe5 21. dxe5 Qc5+) 20... Na5 $1 $132 (20... Qb4 $2 21. Rd1) 21. Bxd5 (
21. Nfxd5 Nxb3 22. Nxf6+ Qxf6 23. axb3 Rad8 24. Rd1 Qb6 {>< b3, d4}) 21... Nxd5
22. Ncxd5 (22. Nfxd5 $5 Nc6 23. Rd1 Rad8 24. Qe1 Kh8 (24... Rd7 25. Nb6 $1 {
Ornstein}) 25. Red2 Rfe8 26. Qf2 b5 27. Ne3 Qf4 28. Nf1 {Ornstein}) 22... Nc6 {
>< d4} 23. Qc3 Rad8 24. Qc5 Bf5 $1 25. Qxd6 (25. Ne3 Qxf4 26. Nxf5 (26. Qxf5 $4
Nxd4 $19) 26... g6 $1 {Ornstein} (26... Nxd4 27. Nxd4 Qxd4+ (27... Rxd4 $4 28.
Qxf8+ $1 $18) 28. Qxd4 Rxd4 29. Rc7 $14)) 25... Rxd6 26. Ne3 (26. Ne3 Nxd4 27.
Nxf5 Nxe2+ 28. Nxe2 Rd2 29. Nfd4 Rxb2 30. a3 {Ornstein} (30. Rc2 Rxc2 31. Nxc2
$13) 30... Ra2 31. Rc3 Re8 32. Kf2 g6 33. f4 Kg7 34. Kf3 b5 $13) 1/2-1/2

[Event "Rimavska Sobota"]
[Site "Rimavska Sobota"]
[Date "1991.??.??"]
[Round "6"]
[White "Lutz, Christopher"]
[Black "Csom, Istvan"]
[Result "1-0"]
[WhiteElo "2500"]
[BlackElo "2480"]
[Annotator "Ftacnik,L"]
[PlyCount "78"]
[EventDate "1991.05.??"]
[EventType "tourn"]
[EventRounds "13"]
[EventCountry "CSR"]
[EventCategory "9"]
[SourceTitle "CBM 024"]
[Source "ChessBase"]
[SourceDate "1991.10.01"]
[SourceVersion "1"]
[SourceVersionDate "1991.10.01"]
[SourceQuality "1"]

1. d4 Nf6 2. c4 e6 3. Nc3 Bb4 4. e3 c5 5. Bd3 Nc6 6. Nge2 cxd4 7. exd4 d5 8.
cxd5 Nxd5 9. O-O Nf6 10. Bc2 Bd6 11. a3 h6 12. Qd3 Ne7 13. Bf4 Bxf4 14. Nxf4
Qd6 $2 15. Qg3 $1 Qxd4 (15... O-O 16. Nfd5 $1 $18) 16. Rad1 Qe5 17. Nxe6 Qxe6
18. Rfe1 O-O (18... Qb6 19. Qxg7 Rg8 20. Ba4+ Bd7 21. Bxd7+ Nxd7 22. Qxg8+ $18)
19. Rxe6 Bxe6 20. Qd6 (20. Ne4 $18 {Lerner-Yudasin/URS ch-Kiev/1986/ ->TD 86_01
}) 20... Nc6 21. h3 Rac8 22. Qf4 Na5 23. Bb1 Nc4 24. Ne4 Nh7 (24... Nxb2 $2 25.
Nxf6+ gxf6 26. Qxh6 f5 27. Rd4 $18) 25. Rd3 Rfd8 (25... Nxb2 26. Rg3 Kh8 27.
Qe5 $18) 26. Rxd8+ Rxd8 27. Ba2 b5 28. Bxc4 bxc4 29. Qc7 Rd1+ 30. Kh2 Rb1 31.
Qb8+ Nf8 32. Nc3 Ra1 33. Qxa7 Nd7 34. a4 Kh7 35. a5 Ne5 36. a6 Nd7 37. Qa8 Nb6
38. Qb7 Nc8 39. Nb5 Ra5 {Ftacnik,L} 1-0

[Event "Interpolis-01"]
[Site "Tilburg"]
[Date "1977.10.01"]
[Round "7"]
[White "Gligoric, Svetozar"]
[Black "Sosonko, Gennadi"]
[Result "1-0"]
[WhiteElo "2565"]
[BlackElo "2530"]
[Annotator "Ftacnik,L"]
[PlyCount "103"]
[EventDate "1977.09.23"]
[EventType "tourn"]
[EventRounds "11"]
[EventCountry "NED"]
[EventCategory "14"]
[SourceTitle "MCL"]
[Source "ChessBase"]
[SourceDate "1999.07.01"]
[SourceVersion "1"]
[SourceVersionDate "1999.07.01"]
[SourceQuality "1"]

1. d4 Nf6 2. c4 e6 3. Nc3 Bb4 4. e3 c5 5. Bd3 Nc6 6. Nf3 Bxc3+ 7. bxc3 d6 8. e4
e5 9. d5 Ne7 10. Nd2 Qa5 (10... Qc7 $143) 11. Qb3 {P 12. b5} O-O 12. Nf1 (12.
O-O $142) 12... Nh5 13. Ne3 (13. g3 f5 $132) 13... Nf4 14. Bc2 f5 15. Bd2 (15.
exf5 Nxf5 16. Nxf5 Bxf5 17. Bxf5 Rxf5 18. Bxf4 exf4 19. O-O f3 20. Qxb7 Raf8
$40) 15... Qc7 16. Qb1 g6 17. Qd1 fxe4 18. Bxe4 Bf5 19. Nxf5 gxf5 20. Bc2 (20.
Bxf4 exf4 21. Bd3 Ng6 $17) 20... Nxg2+ 21. Kf1 Nf4 (21... Nh4 $142 {P f7, g6})
22. Bxf4 exf4 23. Qh5 Kh8 24. Re1 Ng6 25. Bxf5 (25. Re6 $2 Ne5 26. Bxf5 Qf7 $1
$17) 25... Ne5 26. Be6 Qg7 27. Rg1 Qf6 28. Re4 Nd3 $2 (28... Rae8 {P e7-g7=}) (
28... a6 29. Rg5 b5 (29... Nf3 $5) 30. Rf5 Qg6 $15) 29. Rg4 Ne5 (29... Qxc3 30.
Bf5 Qc1+ 31. Kg2 f3+ 32. Kxf3 $1 {Sosonko}) 30. Rh4 Qg7 31. Rexf4 $2 (31. Bf5
Rxf5 32. Qxf5 Nf3 33. Rexf4 Nxh4 34. Rxh4 $16) 31... Rxf4 32. Rxf4 Rf8 33.
Rxf8+ Qxf8 34. Bf5 Qf7 $2 (34... Qe7 35. f4 (35. h4 Nxc4 36. Qg5 Qxg5 37. hxg5
Nb6 $13) 35... Nxc4 36. Be6 Nd2+ {P d2-e4-f6=}) 35. Qxf7 $18 {[+]} Nxf7 36. f4
Kg7 37. Ke2 h6 38. Kf3 Kf6 39. Bc8 b6 40. Kg4 Kg6 (40... Nd8 41. Kh5 Nf7 42.
Be6 $18) 41. Bf5+ Kf6 42. Bd7 Nd8 43. Kh5 Kg7 44. h4 Nf7 45. Be8 Nd8 46. f5 a6
(46... Kf8 47. Kxh6 $1 Kxe8 48. Kg7 Nf7 49. h5 $18) 47. f6+ Kxf6 48. Kxh6 Nb7
49. Bg6 b5 (49... Na5 50. Bd3 Nb7 51. h5 Nd8 52. Bg6 Nb7 53. Kh7 {P g8+-}) 50.
cxb5 axb5 51. h5 c4 (51... b4 52. cxb4 cxb4 53. Kh7 Nc5 54. Kg8 Nd7 55. Be8 $18
) 52. Be8 1-0

[Event "Dortmund"]
[Site "Dortmund"]
[Date "1994.??.??"]
[Round "2"]
[White "Jussupow, Artur"]
[Black "Epishin, Vladimir"]
[Result "0-1"]
[WhiteElo "2665"]
[BlackElo "2650"]
[Annotator "Ftacnik,L"]
[PlyCount "112"]
[EventDate "1994.07.??"]
[EventType "tourn"]
[EventRounds "9"]
[EventCountry "GER"]
[EventCategory "16"]
[SourceTitle "CBM 042"]
[Source "ChessBase"]
[SourceDate "1994.10.01"]
[SourceVersion "1"]
[SourceVersionDate "1994.10.01"]
[SourceQuality "1"]

1. d4 Nf6 2. c4 e6 3. Nc3 Bb4 4. e3 c5 5. Bd3 Nc6 6. Nf3 Bxc3+ 7. bxc3 d6 8.
O-O (8. e4 e5 9. h3 h6 10. Be3 b6 11. d5 Ne7 12. Nd2 g5 13. h4 gxh4 14. Rxh4
Ng6 15. Rh1 Ng4 16. Nf1 Nf4 17. g3 Ng2+ 18. Ke2 N4xe3 19. Nxe3 Nxe3 20. Kxe3
Qg5+ $10 {Yusupov,A-Karpov,An/Dortmund/1994/}) 8... O-O 9. e4 e5 10. d5 Ne7 11.
Nh4 Ng6 12. Nf5 Re8 13. Rb1 h6 $5 14. Qf3 Rb8 15. g3 Nh7 16. h4 Ne7 $1 17. Ne3
Rf8 18. Nf5 $2 (18. Kg2 Bd7 19. Rh1 Qc8 $140 20. Nf5) 18... Nxf5 19. exf5 Re8
20. Be4 Bd7 21. Kg2 b5 22. Rh1 Nf6 23. g4 Qa5 $1 (23... Nxe4 24. Qxe4 Qa5 25.
f6 $40 (25. g5 $40)) 24. g5 Nxe4 25. Qxe4 h5 $1 26. cxb5 Qxc3 (26... Rxb5 27.
Rxb5 Qxb5 28. c4 Qa6 29. Rh3 g6 30. Ra3 Bxf5 31. Qxf5 Qxa3 32. Qd7 Qxc1 33.
Qxe8+ Kg7 34. Qe7 $10) 27. a4 Qd4 28. f3 a6 $1 29. Be3 Qxe4 30. fxe4 axb5 31.
axb5 Bxb5 32. Kf3 Bd3 33. Rxb8 Rxb8 34. Bd2 $1 Rb2 35. Ba5 c4 36. Re1 Kf8 37.
f6 gxf6 38. gxf6 Ke8 39. Rg1 $2 (39. Ra1 Bb1 $1 40. Bc7 Rb3+ 41. Ke2 Bxe4 42.
Bxd6 Bxd5 43. Bxe5 Kd7 $15) 39... Be2+ 40. Kg3 Kd7 41. Rg2 Rb5 $1 42. Bd2 $1 (
42. Rxe2 Rxa5 43. Rb2 Kc7 44. Kf3 c3 45. Rc2 Ra3 46. Ke3 Kb6 47. Kd3 Kb5 48.
Rc1 Kb4 49. Rc2 Rb3 50. Rc1 c2+ $19) (42. Be1 Bd3 $1 43. Kf3 Rb1 44. Ba5 Rf1+
45. Ke3 Rxf6) 42... Bd3 43. Kf3 Rb2 (43... c3 44. Bxc3 Rb3 45. Be1 Bf1+ $19)
44. Ke3 Bxe4 $1 45. Kxe4 c3 46. Ke3 cxd2 47. Rxd2 Rxd2 48. Kxd2 Kc7 49. Kc3 Kb6
50. Kb4 e4 51. Kc4 e3 52. Kd3 Kc5 53. Kxe3 Kxd5 54. Kf4 Ke6 55. Kg5 d5 56. Kxh5
Kxf6 0-1

[Event "Hastings 9192"]
[Site "Hastings"]
[Date "1991.??.??"]
[Round "3"]
[White "Speelman, Jonathan S"]
[Black "Agdestein, Simen"]
[Result "0-1"]
[WhiteElo "2630"]
[BlackElo "2590"]
[Annotator "Ftacnik,L"]
[PlyCount "76"]
[EventDate "1991.12.??"]
[EventType "tourn"]
[EventRounds "14"]
[EventCountry "ENG"]
[EventCategory "14"]
[SourceTitle "CBM 027"]
[Source "ChessBase"]
[SourceDate "1992.04.01"]
[SourceVersion "1"]
[SourceVersionDate "1992.04.01"]
[SourceQuality "1"]

1. d4 Nf6 2. c4 e6 3. Nc3 Bb4 4. e3 c5 5. Nf3 Bxc3+ $5 6. bxc3 d6 7. Be2 $5 (7.
Bd3 Nc6 8. e4 e5 9. d5 Ne7) 7... Qe7 (7... Nc6 8. Nd2 e5 9. d5 Ne7 10. g4 $5)
8. O-O e5 9. Ne1 $6 (9. Nd2 e4 10. f3 exf3 11. Bxf3 Qxe3+ 12. Kh1 Qxc3 13. Re1+
Kf8 14. Nb3 $146) 9... e4 10. f3 Bf5 11. fxe4 Bxe4 12. Nd3 Nbd7 13. Nf2 O-O 14.
a4 $6 (14. Nxe4 Nxe4 15. Qc2 $15) 14... Bg6 15. Qb3 Rab8 16. Ra2 Ne4 17. Nh3 f5
18. Bd3 Ndf6 19. Nf4 Rbc8 20. g3 (20. Nxg6 hxg6 21. Re2 Ng4 $17) 20... Bf7 21.
Rg2 Rc7 22. Bb2 Rfc8 23. d5 (23. h3 cxd4 24. cxd4 Bxc4 25. Bxc4+ Rxc4 $19)
23... g5 24. Nh3 Bg6 25. Bc1 Ng4 26. Be2 (26. Bxe4 fxe4 27. Qd1 Ne5 $19) 26...
h5 27. Kh1 Qe5 28. a5 Rh7 29. Ng1 h4 30. Nf3 Qe7 31. gxh4 gxh4 32. Bd1 h3 33.
Ra2 Rg7 34. Ne1 Qh4 35. Nd3 (35. Nf3 Ngf2+ 36. Kg1 Bh5+ $19) 35... Kh7 36. Qb2
Rcg8 37. Nf4 Bh5 38. Nd3 Qg5 {Ftacnik,L} (38... Qg5 39. Ra1 Ngf2+ $19) 0-1

[Event "Interpolis-01"]
[Site "Tilburg"]
[Date "1977.10.03"]
[Round "9"]
[White "Gligoric, Svetozar"]
[Black "Timman, Jan H"]
[Result "1/2-1/2"]
[WhiteElo "2565"]
[BlackElo "2590"]
[Annotator "Ftacnik,L"]
[PlyCount "132"]
[EventDate "1977.09.23"]
[EventType "tourn"]
[EventRounds "11"]
[EventCountry "NED"]
[EventCategory "14"]
[SourceTitle "MCL"]
[Source "ChessBase"]
[SourceDate "1999.07.01"]
[SourceVersion "1"]
[SourceVersionDate "1999.07.01"]
[SourceQuality "1"]

1. d4 Nf6 2. c4 e6 3. Nc3 Bb4 4. e3 c5 5. Bd3 (5. Nge2 cxd4 6. exd4 O-O $1 {
Olafsson}) 5... Nc6 6. Nf3 (6. Nge2 d5) 6... Bxc3+ 7. bxc3 d6 8. e4 (8. Nd2 {
Pf4}) 8... e5 9. d5 (9. dxc5 dxc5 10. Qc2 Be6 11. Nd2 {P d2-f1} Na5 $1) 9...
Ne7 (9... Na5 $143) 10. Nd2 (10. Nh4 h6 $1 11. f4 $1 (11. g3 Bh3 12. f4 Ng6 13.
Qf3 Bg4 14. Qf2 exf4 15. Nxg6 fxg6 16. gxf4 O-O 17. Qg3 Qa5 18. Bd2 Rae8 19.
O-O Rxe4 $1 20. Bxe4 Nxe4 21. Qxg4 Nxd2 22. Rfc1 Nxc4 23. Rc2 Qd8 {1/2-1/2/
Donner-Sosonko/Amsterdam/1977}) 11... Ng6 $1 12. Nxg6 fxg6 {Spassky-Fischer/
Reykjavik Wch/1972}) (10. g3) 10... Qa5 (10... Bd7 11. Nf1 Qc7 12. Ng3 O-O-O
13. O-O h6 14. Rb1 Rdf8 15. f4 $36) 11. Qb3 {P 12. b5} (11. Qc2) 11... O-O 12.
O-O (12. Nf1 Nh5 $1 $10 {Gligoric-Sosonko/Tilburg (7)/1977} (12... Ne8 13. Ng3
f5 14. exf5 Nxf5 15. Qc2 g6 16. Bd2 Qd8 17. Ne4 $16 {Petrosian-Ivkov/Nice ol/
1974})) 12... Nh5 13. g3 Bh3 14. Re1 Qc7 (14... f5 15. Qxb7 (15. exf5 Nxf5 16.
Ne4 $2 Nd4 $1 $18) 15... Qxc3 16. Qxe7 $13) 15. Qd1 g6 16. Nf1 Qd7 $5 (16... f5
) 17. Bh6 Ng7 {P18... f5} 18. f4 $1 Bxf1 $1 19. Rxf1 {Pf5} (19. Bxf1 Kh8 {
P 20... g8}) 19... Qh3 $1 20. Bg5 $1 (20. Bxg7 Kxg7 21. f5 Ng8 {P 22... f6[]/=}
) 20... f6 21. fxe5 fxg5 22. exd6 Qd7 $1 (22... Nc8 $143 23. Rxf8+ Kxf8) (22...
Nef5 $143) 23. dxe7 Qxe7 24. Qd2 Qe5 25. Bc2 {Pd6-d7} Nh5 (25... Rxf1+ 26. Rxf1
Ne8 27. Qf2 Nd6 28. Qxc5 $16) 26. Rxf8+ Rxf8 27. Rf1 Nf6 $1 28. d6 Kg7 (28...
Rd8 $143 29. Rxf6 Qxf6 30. Qd5+ {P31.e5}) 29. d7 Rd8 30. Ba4 a6 (30... Nxe4 $2
31. Qe3) (30... Qxe4 $2 31. Re1) 31. Qf2 h5 (31... b5 $2 32. cxb5 Rxd7 33. bxa6
) (31... Qxc3 $2 32. Qxc5) 32. Qf3 h4 (32... Rf8 {P 33... d8}) 33. Rd1 {P d3-d6
} (33. gxh4 gxh4 34. Qf4 Qxf4 35. Rxf4 Nxd7) 33... Qe6 $5 34. gxh4 (34. Qd3 b5
35. cxb5 Rxd7) (34. e5 Qxe5 35. Qxb7 hxg3) 34... gxh4 35. Qf4 Qxc4 (35... Nxd7
36. Qxh4 (36. Rd6 Qe7 37. e5)) 36. Rf1 (36. Bb3 Qxe4 $10) 36... Qe6 37. e5 Nxd7
38. Qxh4 $6 $138 (38. Rd1 $1 b5 39. Rd6 Qe7 40. Bc2 Nxe5 (40... Nf8 41. Qf6+
$18) 41. Rxd8 $18 {Gligoric}) 38... Rf8 $6 $138 (38... Nxe5 39. Qxd8 Qg4+ 40.
Kf2 Qf3+ 41. Ke1 Qe4+ $1 42. Kd2 (42. Kd1 Qb1+) 42... Qg2+) 39. Bxd7 Rxf1+ $1
40. Kxf1 Qxd7 41. Qf6+ Kh7 42. e6 Qg7 $1 (42... Qd1+ $18 {Gligoric} 43. Kf2
Qd2+ 44. Kf3 Qd1+ 45. Ke4 {P d5 ( e5)+- Timman}) 43. Qd8 (43. Qh4+ Kg8 44. Qd8+
Qf8+ $1 $19) 43... Qxc3 44. Qd7+ (44. Qc7+ Kh6 45. Qf4+ Kh7 (45... Kg7 $2 46.
Qf7+ Kh6 47. e7 $18) 46. Qf7+ Kh6 (46... Qg7 47. Qd7 Kh6 $1 48. e7 Qf6+) 47. e7
) 44... Kh6 45. e7 Qf3+ (45... Qc1+ 46. Ke2 Qc4+ 47. Qd3 Qg4+ 48. Kd2 $18) 46.
Ke1 Qe3+ 47. Kd1 Qf3+ 48. Kc2 Qe4+ 49. Kd2 Qf4+ 50. Kd3 Qf3+ 51. Kc4 Qe4+ 52.
Kxc5 Qe3+ 53. Kc4 (53. Kd6 Qf4+ 54. Kd5 Qf3+ 55. Ke5 Qe3+ 56. Kf6 Qf4+) 53...
Qe4+ 54. Kc3 Qe3+ 55. Kb2 Qe2+ 56. Kb3 Qe3+ 57. Ka4 Qc3 $1 {P 58...b5+-} 58.
Qxb7 (58. e8=Q b5+) 58... Qc4+ 59. Ka5 Qxa2+ 60. Kb6 Qe6+ $1 $10 61. Kc5 (61.
Ka7 Kg5) 61... Qe5+ 62. Kc4 Qf4+ $8 (62... Qe6+ 63. Kd4 Qf6+ 64. Ke3 Qg5+ (
64... Qc3+ 65. Ke4 $10) 65. Kd3) 63. Kd3 (63. Kb3 Qe3+ 64. Ka4 {P a5-b6}) 63...
Qf1+ $1 (63... Qf7 64. Ke3 Qe8 65. Qe4 Kg7 66. Qe6 a5 67. h3 $5 g5 $1 (67... a4
68. h4)) 64. Kd4 Qa1+ $1 (64... Qa1+ 65. Ke3) 65. Ke3 (65. Kc5 Qe5+) 65... Qg1+
(65... Qc1+ $143 66. Kf2 $1 Qd2+ 67. Kf3 {P f4}) 66. Kd3 (66. Ke2 Qxh2+ 67. Kd3
Qg3+ 68. Kd4 Qd6+ 69. Ke3 Qg3+ $10) 66... Qd1+ 1/2-1/2

[Event "Olympiad-42"]
[Site "Baku"]
[Date "2016.09.08"]
[Round "6.3"]
[White "Li, Chao B"]
[Black "Flores, Diego"]
[Result "1-0"]
[WhiteElo "2746"]
[BlackElo "2595"]
[Annotator "Ftacnik,L"]
[PlyCount "73"]
[EventDate "2016.09.02"]
[EventType "team-swiss"]
[EventRounds "11"]
[EventCountry "AZE"]
[SourceTitle "CBM 175"]
[Source "ChessBase"]
[SourceDate "2016.11.10"]
[SourceVersion "1"]
[SourceVersionDate "2016.11.10"]
[SourceQuality "1"]
[WhiteTeam "China"]
[BlackTeam "Argentina"]
[WhiteTeamCountry "CHN"]
[BlackTeamCountry "ARG"]

1. d4 Nf6 2. c4 e6 3. Nc3 Bb4 4. Nf3 b6 5. e3 c5 6. Bd3 Nc6 7. O-O Bxc3 $5 8.
bxc3 d6 {Flores has chosen a very promising strategy of closing the centre
after compromising White's pawn structure. Even a very strong player like Li
will not be able to do miracles with his restricted bishop pair.} 9. e4 {
Even though Kasparov has played the same move it makes lot of sense to try the
knight retreat to d2 followed by the advance of the f-pawn.} (9. d5 exd5 10.
cxd5 Nxd5 11. Bb5 Nde7 12. e4 $44) (9. Nd2 O-O (9... e5 $5) 10. f4 (10. Qc2
cxd4 $6 (10... e5 $5 11. Ne4 h6 $13) 11. cxd4 Nb4 12. Qb3 Nxd3 13. Qxd3 Ba6 14.
Ba3 $14 Re8 15. Rfd1 d5 16. Qb3 Bxc4 (16... Rc8 $32 17. Rac1 Qd7 $14) 17. Nxc4
dxc4 18. Qxc4 Rc8 19. Qb3 Qd7 $11 {1-0 (48) Stojanovic,M (2465)-Sulskis,S 
(2515) Budapest 1996}) (10. Bb2 Ba6 11. e4 e5 12. f4 Na5 13. Qe2 Rc8 14. Nb3
Nb7 15. a4 Re8 16. Qc2 cxd4 17. cxd4 d5 18. dxe5 dxc4 19. exf6 cxb3 20. Qxc8
Qxc8 21. Bxa6 Qc2 $19 {0-1 (51) Kovacs,G (2457)-Cao,S (2488) Hungary 2005})
10... Ba6 11. Ba3 Rc8 12. Rc1 Re8 13. e4 cxd4 14. cxd4 Nxd4 15. e5 dxe5 16.
fxe5 Nc6 17. Bd6 Nxe5 18. Bxe5 Qxd3 19. Rc3 Qd8 20. Rg3 Kf8 21. Rxg7 Kxg7 22.
Qg4+ Kf8 23. Bxf6 $18 {1-0 (49) Milanovic,D (2428)-Gelashvili,T (2573)
Korinthos 2004}) 9... e5 10. h3 (10. d5 Na5 11. Nd2 h6 12. Re1 g5 13. Nf1 Ba6
14. Ne3 Qd7 15. Qc2 O-O-O 16. a4 Kb8 17. Qa2 Nh5 18. Nf5 Nf4 19. Bf1 Rdg8 20.
Rb1 Kc7 21. f3 $11 {1/2-1/2 (26) Kasparov,G (2805)-Lerner,A ICC INT 1995})
10... h6 11. Be3 g5 $5 {An impressive and positionally well justified pawn
advance. White has more development moves with pieces, but the closed nature
of the position diminishes the danger for the second player.} (11... Qc7 12.
Qd2 Bd7 13. d5 Ne7 14. Kh2 O-O-O 15. Ng1 g5 16. g3 Nh7 17. f4 exf4 18. gxf4 Ng6
19. Nf3 gxf4 20. Bxf4 Nxf4 21. Qxf4 Ng5 22. h4 f6 $15 {0-1 (41) Kristiansen,J 
(2445)-Hansen,L (2460) Tastrup 1990}) 12. Bc2 Qe7 (12... g4 13. hxg4 (13. Ba4
Bd7 14. dxe5 gxf3 (14... Nxe5 15. Nxe5 dxe5 16. hxg4 Nxg4 17. Qxg4 Bxa4 18. Qg7
$16) 15. exf6 fxg2 16. Re1 Qxf6 $15) 13... Nxg4 14. Qe2 $14) 13. Re1 (13. d5
Na5 14. Nd2 Kf8 15. Qe2 $14) 13... Rg8 {With the help of the rook on the
g-file the advance of the g-pawn will represent a real danger for the white
king.} (13... g4 $2 14. Ba4 Bd7 15. Nh4 $16) 14. Nh2 {Defence is an art in
chess that even the best players in the world struggle to master. The knight
retreat is a cautious approach, but not really challenging for Black.} (14. g4
h5 $15) (14. Qe2 Bd7 $11) 14... Na5 (14... h5 15. Nf3 g4 16. hxg4 hxg4 17. Nh4
Bd7 $11) 15. Bd3 g4 16. h4 g3 17. fxg3 Rxg3 18. Bxh6 Ng4 {In the heat of the
battle both players are using well known tricks and approaches. Flores could
have contemplated a knight move that prevents Bg5, but we are all programmed
for getting closer to the enemy king with our pieces.} (18... Nh7 19. Be3 Qxh4
20. Bf2 Rxg2+ 21. Kxg2 Bh3+ 22. Kh1 Qxf2 23. Qf3 Qh4 $11) 19. Bg5 (19. Nf3)
19... f6 20. Be2 $1 {Li is resorting to a creative approach in trying to limit
the danger of the opponent's attack.} (20. Bc1 Qg7 (20... Qh7 21. Nf3 Rxf3 $11
22. gxf3 Nf2 23. Kxf2 Qxh4+ $11) 21. Qc2 cxd4 $17) (20. Nf1 $2 Rxd3 21. Qxd3
fxg5 $17) 20... fxg5 (20... Nxh2 21. Kxh2 Rxc3 22. Bd2 Ra3 23. Bc1 Rc3 24. Bb2
$16) 21. Nxg4 gxh4 $2 {Black slips at the critical moment when the highest
priority becomes the activity of pieces and control of the critical squares.} (
21... Be6 $5 22. h5 exd4 (22... O-O-O 23. d5 $16) 23. cxd4 O-O-O 24. d5 Bxg4
25. Bxg4+ Kb8 26. Rc1 Qe5 $14) 22. dxe5 $1 (22. Rf1 exd4 23. Nf6+ Kd8 24. Rf2
Be6 25. cxd4 Kc7 $15) 22... Qg5 {[%mdl 64] Flores fails to solve the problems
correctly even though he could have fought against White's activity with the
clever exchange on g4.} (22... Bxg4 $1 23. Bxg4 Rd8 (23... Qxe5 $2 24. Qa4+ $1
Kf8 25. Qd7 $18) (23... Qg5 24. Bh3 Rxh3 25. Qd5 Qxe5 26. Qxe5+ dxe5 27. gxh3
$16) 24. Rf1 (24. Bh5+ Kd7 25. Qxd6+ Qxd6 26. exd6 Nxc4 27. e5 Ke6 $11) 24...
Qxe5 25. Kh1 h3 (25... Ke7 26. Rf5 Qxe4 27. Qf1 Kd7 28. Rxc5+ Rxg4 29. Qf7+ Qe7
30. Qf5+ Qe6 31. Rc7+ Kxc7 32. Qxe6 $16) 26. Bxh3 Ke7 27. Rf5 Rxh3+ 28. gxh3
Qxe4+ 29. Qf3 $16) 23. Nf6+ {The engine knows no fear and thus suggests
centralisation of the white queen as a better solution.} (23. Qd5 $1 Bxg4 24.
Qxa8+ Kd7 25. Bxg4+ Qxg4 26. e6+ Qxe6 27. e5 $18) 23... Kf7 24. Qd5+ {Once
again White choses well, but the best continuation eludes him with the
immediate 24.Bh5+:} (24. Bh5+ $1 Kg7 25. Qxd6 Kh6 (25... Rxg2+ 26. Kh1 Rh2+ (
26... Kh6 27. e6 Nxc4 28. Qf8+ Qg7 29. e7 Be6 30. Ne8 Rxe8 31. Bxe8 Rg3 32. Re2
$18) 27. Kxh2 Qg3+ 28. Kh1 Qh3+ 29. Kg1 Qg3+ 30. Kf1 $18) 26. e6 $1 Qxf6 27.
Rf1 Qxe6 28. Rf6+ $18) 24... Be6 25. Bh5+ $1 {Now the check with the bishop is
compulsory if White wants to avoid perpetual check.} (25. Qxa8 $2 Rxg2+ 26. Kh1
Rh2+ 27. Kxh2 Qg3+ $11) 25... Qxh5 (25... Kg7 26. Qxe6 $18) 26. Nxh5 Bxd5 27.
Rf1+ $1 {Having survived the danger, the Chinese superstar is returning to his
ususal mode of finding the best moves even in a clearly favourable position.} (
27. Nxg3 Bxc4 (27... hxg3 28. exd5 $18) 28. Nf5 dxe5 29. Rad1 $16) 27... Kg6 (
27... Ke7 28. cxd5 Rg5 29. exd6+ Kxd6 30. Rf6+ Kc7 31. Rf7+ Kd6 32. Raf1 Re8
33. R1f6+ Ke5 34. Rh7 Rxh5 35. Re6+ Rxe6 36. Rxh5+ $18) 28. Nxg3 Bxc4 (28...
hxg3 29. cxd5 dxe5 30. Rf3 $18) 29. Rf6+ $1 Kg5 30. Rf5+ Kg6 (30... Kg4 31. Nh1
$18) 31. Nh5 $1 {White is playing for the best coordination of his pieces and
it entails putting the knight on the seemingly unattractive h5-square.} dxe5
32. Rd1 Nb7 (32... Re8 33. Rd6+ Re6 34. Rd7 Be2 35. Rg7+ Kh6 36. Rg8 $18) 33.
Rd7 Be6 (33... Be2 34. Nf6 Rf8 35. Nh7 $18) 34. Rg7+ Kh6 35. Rxe5 Nd8 (35...
Bc8 36. Reg5 $18) 36. Reg5 $1 Bf7 37. Nf6 {Black is unable to prevent mate; a
model realisation of exploiting the advantage.} 1-0